| 000 | 00783 a2200241 4500 | ||
|---|---|---|---|
| 003 | Nust | ||
| 005 | 20170207170502.0 | ||
| 010 | _a 2003021571 | ||
| 020 | _a1584503297 (Paperback : alk. paper) | ||
| 040 | _cNust | ||
| 082 | 0 | 0 | _a004.6 |
| 100 | 1 | _aPrasad, K. V. K. K. | |
| 245 | 1 | 0 |
_aPrinciples of digital communication systems and computer networks (EBOOK) _cK.V. Prasad. |
| 250 | _a1st ed. | ||
| 260 |
_aHingham, Mass. : _bCharles River Media, _cc2003. |
||
| 300 |
_axxiv, 742 p. : _bill. ; _c24 cm. |
||
| 490 | 1 | _aEngineering series | |
| 500 | _aIncludes index. | ||
| 650 | 0 | _aComputer networks. | |
| 650 | 0 | _aDigital communications. | |
| 830 | 0 | _aEngineering series (Charles River Media) | |
| 856 | 4 | 1 |
_3Table of contents _uhttp://www.loc.gov/catdir/toc/ecip049/2003021571.html |
| 942 |
_2ddc _cBK |
||
| 999 |
_c215099 _d215099 |
||